[Event "16th Sants Open 2014"]
[Site "Barcelona ESP"]
[Date "2014.08.22"]
[Round "1.27"]
[White "Arus Blanch, Daniel"]
[Black "Gonzalez Acosta, Bernal"]
[Result "1/2-1/2"]
[BlackTitle "IM"]
[WhiteElo "2001"]
[BlackElo "2469"]
[WhiteFideId "2234696"]
[BlackFideId "6500170"]
[EventDate "2014.08.22"]

1. e4 c5 2. Nc3 Nc6 3. g3 g6 4. Bg2 Bg7 5. d3 d6 6. Be3 Rb8 7. Qd2 b5 8. Nge2
Nd4 9. O-O e6 10. Nd1 b4 11. Nc1 Ne7 12. c3 bxc3 13. bxc3 Ndc6 14. Bh6 O-O 15.
Bxg7 Kxg7 16. Ne3 Qc7 17. Nb3 a5 18. Qc2 Ba6 19. f4 f5 20. exf5 gxf5 21. Nd2 Ng8
22. Nf3 h6 23. Nh4 d5 24. Rfe1 Nge7 25. Qe2 Rf6 26. Nf3 Qd6 27. Rab1 Rxb1 28.
Rxb1 d4 29. Rb6 dxe3 30. Rxa6 Qb8 31. Ne5 Nxe5 32. fxe5 Qxe5 33. Rxa5 Qxc3 34.
Ra7 Rf7 35. Qxe3 c4 36. Rc7 Qa1+ 37. Bf1 cxd3 38. Qxd3 Qxa2 39. Qd4+ Kg6 40. Qd8
Qd5 41. Rd7 Qc5+ 42. Kg2 Kg7 43. Qe8 e5 44. Be2 Qc2 45. Rxe7 Qxe2+ 46. Kg1 Qd1+
47. Kf2 Qc2+ 48. Kf1 Qc4+ 49. Kg2 Qd5+ 50. Kh3 e4 51. Re5 Qd6 52. Qb5 Qg6 53.
Qd5 Qg4+ 54. Kg2 Qf3+ 55. Kh3 Qh5+ 56. Kg2 Qf3+ 57. Kh3 h5 58. Re8 Qc3 59. Qd8
Qf6 60. Rg8+ Kh7 61. Qe8 Re7 62. Qc8 e3 63. Rf8 Rf7 64. Re8 Qd4 65. Qe6 Qg4+ 66.
Kg2 Qe2+ 67. Kh3 Qf1+ 68. Kh4 Rg7 69. h3 Qb1 70. Qxe3 Qb2 71. Qe5 Qc2 72. Rf8
Qa4+ 73. Qf4 Qxf4+ 74. gxf4 Kg6 75. Ra8 Rc7 76. Ra6+ Kf7 77. Kxh5 Rc3 78. Kg5
Rxh3 79. Kxf5 Rh5+ 80. Kg4 Rb5 81. f5 Rb1 1/2-1/2

[Event "16th Sants Open 2014"]
[Site "Barcelona ESP"]
[Date "2014.08.22"]
[Round "1.28"]
[White "Escobar Forero, Alder"]
[Black "Van Keulen, Onno"]
[Result "1/2-1/2"]
[WhiteTitle "IM"]
[WhiteElo "2464"]
[BlackElo "1999"]
[WhiteFideId "4400801"]
[BlackFideId "1013858"]
[EventDate "2014.08.22"]

1. e4 c5 2. Nf3 d6 3. c3 g6 4. d4 Bg7 5. Bc4 Nf6 6. Qe2 O-O 7. e5 dxe5 8. dxe5
Nd5 9. O-O Nb6 10. e6 Nxc4 11. exf7+ Rxf7 12. Qxc4 e6 13. Ng5 Rf5 14. Nxe6 Bxe6
15. Qxe6+ Kh8 16. Nd2 Nc6 17. Nc4 Qf8 18. Be3 Ne5 19. Nxe5 Rxe5 20. Qc4 Rae8 21.
Rad1 b6 22. Rd7 R5e7 23. Qd5 Rxd7 24. Qxd7 Re7 25. Qd6 Be5 26. Qd2 Re8 27. Bg5
Bf6 28. Bh6 Bg7 29. Be3 Rd8 30. Qe2 Qf7 31. Qa6 h5 32. a4 Qb3 33. Qb5 Qc2 34. g3
Rd1 35. Rxd1 Qxd1+ 36. Kg2 Qd5+ 37. f3 Qe6 38. Bf4 Kh7 39. a5 Bh6 40. Bb8 h4 41.
gxh4 Qe1 42. Bg3 Qd2+ 43. Kh3 Qd5 44. Kg2 Qd2+ 45. Kf1 Qd1+ 46. Kf2 Qd2+ 47. Qe2
Be3+ 48. Kf1 Qc1+ 49. Qe1 bxa5 50. Ke2 c4 51. Qxc1 Bxc1 52. Bd6 Bxb2 53. Kd2 a4
54. Kc2 a3 55. Be5 Kg8 56. Bd4 Kf7 57. Bxa7 Ke6 58. Be3 Kf5 59. Bg5 Ke5 60. Bh6
Kf5 61. Bd2 Ke5 62. Bh6 Kf5 1/2-1/2

[Event "16th Sants Open 2014"]
[Site "Barcelona ESP"]
[Date "2014.08.22"]
[Round "1.29"]
[White "Orteu Capdevila, Max"]
[Black "Cruz, Jonathan"]
[Result "0-1"]
[BlackTitle "IM"]
[WhiteElo "1998"]
[BlackElo "2459"]
[WhiteFideId "32075359"]
[BlackFideId "3802124"]
[EventDate "2014.08.22"]

1. e4 e5 2. Nf3 Nc6 3. Bb5 a6 4. Ba4 Nf6 5. d3 b5 6. Bb3 Be7 7. O-O d6 8. a3 O-O
9. Nc3 Bg4 10. h3 Bxf3 11. Qxf3 Nd4 12. Qg3 a5 13. Be3 a4 14. Ba2 Nxc2 15. Rac1
Nxe3 16. fxe3 c6 17. d4 Qb6 18. dxe5 dxe5 19. Rf3 Rae8 20. Rcf1 Kh8 21. Rf5 b4
22. Nxa4 Qa7 23. Bb3 Nxe4 24. Qe1 Bg5 25. Rxf7 Bxe3+ 26. Kh2 Rxf7 27. Rxf7 Qd4
28. Rf3 Nd2 29. Rxe3 Qxe3 30. Qxe3 Nf1+ 31. Kg1 Nxe3 32. Kf2 Nd5 33. Nc5 bxa3
34. bxa3 e4 35. g3 e3+ 36. Ke1 Nc3 37. Nd3 Rb8 38. Bc2 c5 0-1

[Event "16th Sants Open 2014"]
[Site "Barcelona ESP"]
[Date "2014.08.22"]
[Round "1.30"]
[White "Huerga Leache, Mikel"]
[Black "Garcia De Blas, Esteban"]
[Result "1-0"]
[WhiteTitle "IM"]
[WhiteElo "2457"]
[BlackElo "1996"]
[WhiteFideId "2268795"]
[BlackFideId "2229919"]
[EventDate "2014.08.22"]

1. e4 e6 2. Nc3 d5 3. Nf3 Nf6 4. e5 Nfd7 5. d4 a6 6. Bd3 Be7 7. Ne2 c5 8. c3 Nc6
9. Nf4 cxd4 10. cxd4 Qb6 11. Bc2 Qa5+ 12. Kf1 O-O 13. h4 g6 14. h5 g5 15. Ne2
Qd8 16. Qd3 f5 17. exf6 Nxf6 18. Nxg5 Nb4 19. Qg3 Kh8 20. Bb1 Qe8 21. a3 Nc6 22.
Qd3 Ne4 23. Nxe4 dxe4 24. Qxe4 Qf7 25. f3 Bd6 26. Bg5 Be7 27. Bxe7 Qxe7 28. Bd3
Bd7 29. Re1 Rae8 30. Bb1 Qg7 31. h6 Qf7 32. Kf2 e5 33. d5 Nd8 34. Ng3 b5 35. Nh5
Re7 36. Ng7 1-0

[Event "16th Sants Open 2014"]
[Site "Barcelona ESP"]
[Date "2014.08.22"]
[Round "1.31"]
[White "Carraminana Lopez, Luis Antonio"]
[Black "Pardo Simon, David"]
[Result "0-1"]
[BlackTitle "IM"]
[WhiteElo "1993"]
[BlackElo "2457"]
[WhiteFideId "2253275"]
[BlackFideId "2296276"]
[EventDate "2014.08.22"]

1. e4 e5 2. Nf3 Nc6 3. Bc4 Nf6 4. d3 Bc5 5. c3 a6 6. O-O d6 7. Bb3 O-O 8. h3 h6
9. Re1 Ba7 10. Nbd2 Be6 11. Bc2 Ne7 12. Nf1 Ng6 13. Ng3 Re8 14. d4 c6 15. Be3 b5
16. Qd2 a5 17. Bxh6 gxh6 18. Qxh6 Qe7 19. Nf5 Qf8 20. Qg5 Nh7 21. Qh5 Bxf5 22.
exf5 Nf4 23. Qg4+ Qg7 24. Qxg7+ Kxg7 25. dxe5 dxe5 26. Nxe5 Rac8 27. Re4 Nf6 28.
Rxf4 Rxe5 29. g4 Re2 30. Bd3 Rd2 31. Bf1 Re8 32. g5 Ne4 33. f6+ Kg6 34. Re1 Rxf2
35. Rexe4 Re2+ 0-1

[Event "16th Sants Open 2014"]
[Site "Barcelona ESP"]
[Date "2014.08.22"]
[Round "1.32"]
[White "Hoffman, Alejandro"]
[Black "Ingunza Lopez, Txema"]
[Result "1-0"]
[WhiteTitle "GM"]
[WhiteElo "2456"]
[BlackElo "1988"]
[WhiteFideId "100340"]
[BlackFideId "2225417"]
[EventDate "2014.08.22"]

1. d4 Nf6 2. c4 e6 3. g3 d5 4. Nf3 Be7 5. Bg2 O-O 6. O-O Nbd7 7. Qc2 c6 8. b3 b6
9. Nc3 Bb7 10. Rd1 Rc8 11. e4 dxe4 12. Nxe4 Nxe4 13. Qxe4 Nf6 14. Qc2 Qc7 15.
Bf4 Bd6 16. Bxd6 Qxd6 17. c5 Qe7 18. Ne5 Nd5 19. Be4 h6 20. a3 Nf6 21. Bg2 Nd5
22. b4 Rfd8 23. h4 bxc5 24. bxc5 Qc7 25. Bf1 Qa5 26. Nc4 Qc3 27. Qa4 Qf3 28. Ne5
Qf6 29. Qxa7 Rc7 30. Qa5 Ra8 31. Qd2 Ba6 32. Bxa6 Rxa6 33. Rdb1 Rca7 34. Rb3 Qd8
35. Rab1 Qc7 36. Rb8+ Kh7 37. Rf8 f5 38. Rbb8 1-0

[Event "16th Sants Open 2014"]
[Site "Barcelona ESP"]
[Date "2014.08.22"]
[Round "1.33"]
[White "Fernandez Egea, Andres"]
[Black "Munoz Pantoja, Miguel"]
[Result "0-1"]
[BlackTitle "GM"]
[WhiteElo "1985"]
[BlackElo "2451"]
[WhiteFideId "2219166"]
[BlackFideId "3800229"]
[EventDate "2014.08.22"]

1. e4 d5 2. exd5 Qxd5 3. Nc3 Qa5 4. d4 Nf6 5. Nf3 Bg4 6. Bd2 Nc6 7. Nb5 Qb6 8.
Be2 Bxf3 9. gxf3 a6 10. Nc3 Nxd4 11. Be3 O-O-O 12. Bd3 Qxb2 13. Na4 Qa3 14. Bxd4
Qxa4 15. Bc3 Nd5 16. Bd2 e6 17. Rb1 Bb4 18. O-O Bxd2 19. Qxd2 Qf4 20. Qe1 Rd6
21. c4 Nf6 22. Rb3 Rhd8 23. Qb1 Qxf3 24. Bc2 Qg4+ 25. Rg3 Qxc4 26. Rxg7 Qh4 27.
Qb3 Ne4 28. Qe3 Qf6 29. Rg4 Nd2 30. Rc1 Qb2 0-1

[Event "16th Sants Open 2014"]
[Site "Barcelona ESP"]
[Date "2014.08.22"]
[Round "1.34"]
[White "Oliva Castaneda, Kevel"]
[Black "Morais Carreras, Javier"]
[Result "1-0"]
[WhiteTitle "FM"]
[WhiteElo "2446"]
[BlackElo "1985"]
[WhiteFideId "3500799"]
[BlackFideId "2295679"]
[EventDate "2014.08.22"]

1. Nf3 d5 2. c4 e6 3. g3 Nf6 4. Bg2 Be7 5. O-O O-O 6. d4 c6 7. Qc2 Nbd7 8. Nbd2
b6 9. e4 dxe4 10. Nxe4 Nxe4 11. Qxe4 Bb7 12. Rd1 Nf6 13. Qc2 Qc7 14. Bf4 Bd6 15.
Bxd6 Qxd6 16. c5 Qc7 17. Rac1 Rfd8 18. a3 h6 19. Ne5 Nd5 20. Nc4 b5 21. Nd6 a5
22. Bxd5 exd5 23. Re1 Bc8 24. Re3 Be6 25. Qe2 Qe7 26. Re5 Qf6 27. f4 g6 28. Rf1
Kh7 29. f5 gxf5 30. Nxf5 Rg8 31. Nxh6 Qh4 32. Nxg8 Qxd4+ 33. Kh1 Rxg8 34. Rxe6 1-0

[Event "16th Sants Open 2014"]
[Site "Barcelona ESP"]
[Date "2014.08.22"]
[Round "1.35"]
[White "Idiazabal Troyas, Aritz"]
[Black "Lyrberg, Patrik"]
[Result "0-1"]
[BlackTitle "IM"]
[WhiteElo "1979"]
[BlackElo "2444"]
[WhiteFideId "2242842"]
[BlackFideId "1701975"]
[EventDate "2014.08.22"]

1. e4 Nf6 2. d3 Nc6 3. Nf3 e5 4. g3 Bc5 5. Bg2 d6 6. O-O h6 7. h3 g5 8. Kh2 g4
9. Nh4 gxh3 10. Bxh3 Bxh3 11. Kxh3 Qd7+ 12. Kg2 O-O-O 13. c3 Ne7 14. Nd2 Ng4 15.
b4 Bxf2 16. Nb3 Bxg3 17. Nf5 Nxf5 18. Rxf5 Rdg8 19. Qf3 Bh4 20. Rxf7 Nf6+ 0-1

[Event "16th Sants Open 2014"]
[Site "Barcelona ESP"]
[Date "2014.08.22"]
[Round "1.36"]
[White "Cruz, Filemon"]
[Black "Marza Vendrell, Conrado"]
[Result "1-0"]
[WhiteTitle "IM"]
[WhiteElo "2439"]
[BlackElo "1973"]
[WhiteFideId "3800296"]
[BlackFideId "2285681"]
[EventDate "2014.08.22"]

1. Nf3 Nf6 2. c4 e6 3. e3 d5 4. b3 Be7 5. Bb2 O-O 6. Be2 c6 7. O-O Nbd7 8. Qc2
a5 9. a3 Qc7 10. d3 Re8 11. Nbd2 Bf8 12. d4 b6 13. Rac1 Bb7 14. Bd3 Rac8 15. Ne5
h6 16. cxd5 exd5 17. Bf5 c5 18. f4 Rcd8 19. Rf3 Bc8 20. Bd3 Nb8 21. h3 Ba6 22.
g4 Bxd3 23. Qxd3 Bd6 24. Kg2 Qb7 25. Qb5 Ne4 26. Nb1 Qa6 27. Qxa6 Nxa6 28. Rff1
Nb8 29. Rfd1 Rc8 30. dxc5 Bxc5 31. Bd4 Red8 32. Bxc5 bxc5 33. Nc3 Nxc3 34. Rxc3
Rc7 35. Rcd3 Rb7 36. f5 f6 37. Ng6 Rbd7 38. Nf4 c4 39. Rc3 cxb3 40. Rxb3 Nc6 41.
Ne6 Rb8 42. Rxb8+ Nxb8 43. Rc1 Na6 44. Rc8+ Kf7 45. Ra8 1-0

[Event "16th Sants Open 2014"]
[Site "Barcelona ESP"]
[Date "2014.08.22"]
[Round "1.37"]
[White "Povill Claros, Xavier"]
[Black "Cori T., Deysi"]
[Result "0-1"]
[BlackTitle "WGM"]
[WhiteElo "1971"]
[BlackElo "2422"]
[WhiteFideId "32040512"]
[BlackFideId "3801934"]
[EventDate "2014.08.22"]

1. e4 e6 2. d4 d5 3. exd5 exd5 4. Bd3 Bd6 5. c3 Ne7 6. Ne2 O-O 7. Bf4 Bg4 8.
Bxd6 Qxd6 9. Qc2 h6 10. O-O Nd7 11. Ng3 c5 12. Nf5 Bxf5 13. Bxf5 cxd4 14. cxd4
Nf6 15. Rd1 Qf4 16. Bh3 Nc6 17. g3 Qg5 18. Qf5 Nxd4 19. Qd3 Nc6 20. f4 Qh5 21.
Bg2 Rfe8 22. Nc3 Ng4 23. h3 Ne3 24. Re1 Nb4 25. Qe2 Qg6 26. Rac1 Qxg3 0-1

[Event "16th Sants Open 2014"]
[Site "Barcelona ESP"]
[Date "2014.08.22"]
[Round "1.38"]
[White "Mascaro March, Pedro"]
[Black "Garrapa, Gianluigi"]
[Result "1-0"]
[WhiteTitle "IM"]
[WhiteElo "2417"]
[BlackElo "1970"]
[WhiteFideId "2217570"]
[BlackFideId "816043"]
[EventDate "2014.08.22"]

1. d4 d5 2. Nf3 Nf6 3. c4 c6 4. e3 Bf5 5. Nc3 e6 6. Nh4 Bg6 7. Nxg6 hxg6 8. g3
Nbd7 9. Bg2 Be7 10. Qe2 O-O 11. O-O dxc4 12. Qxc4 Nb6 13. Qb3 Qd7 14. Rd1 Rad8
15. e4 Qc8 16. Bf4 Rfe8 17. Rac1 Bf8 18. Nb5 Nfd7 19. Bc7 a6 20. Bxd8 Qxd8 21.
Nc3 Qf6 22. e5 Qe7 23. Ne4 Qb4 24. Qxb4 Bxb4 25. a3 Be7 26. b4 Nd5 27. Nc5 Nxc5
28. bxc5 Bd8 29. Bxd5 exd5 30. Rb1 Re7 31. Rb3 Ba5 32. Rdb1 Kf8 33. f4 Ke8 34.
Kf2 Kd8 35. Rxb7 Bc7 36. Ra7 1-0

[Event "16th Sants Open 2014"]
[Site "Barcelona ESP"]
[Date "2014.08.22"]
[Round "1.39"]
[White "Alfara Ayllon, Jose Luis"]
[Black "Lorenzo De La Riva, Lazaro"]
[Result "0-1"]
[BlackTitle "IM"]
[WhiteElo "1966"]
[BlackElo "2415"]
[WhiteFideId "2217759"]
[BlackFideId "2268809"]
[EventDate "2014.08.22"]

1. e4 c5 2. Nf3 d6 3. d4 cxd4 4. Nxd4 Nf6 5. Nc3 Nc6 6. Be2 e5 7. Nb3 Be7 8. O-O
O-O 9. Be3 a5 10. Bf3 a4 11. Nd2 Be6 12. Nd5 Bxd5 13. exd5 Nb4 14. Nc4 e4 15.
Qd2 Nbxd5 16. Bxe4 Nxe3 17. Qxe3 Nxe4 18. Rad1 d5 0-1

[Event "16th Sants Open 2014"]
[Site "Barcelona ESP"]
[Date "2014.08.22"]
[Round "1.40"]
[White "Gomez Ledo, Roberto Carlos"]
[Black "Joao, Amaral"]
[Result "1-0"]
[WhiteTitle "IM"]
[WhiteElo "2411"]
[BlackElo "1965"]
[WhiteFideId "3507076"]
[BlackFideId "10100539"]
[EventDate "2014.08.22"]

1. d4 d5 2. c4 c6 3. e3 Bf5 4. cxd5 cxd5 5. Nc3 e6 6. Nf3 Nc6 7. Bd3 Bxd3 8.
Qxd3 Nf6 9. O-O Bd6 10. Bd2 O-O 11. a3 Rc8 12. Rac1 Bb8 13. Na4 Ne4 14. Nc5 Nxd2
15. Qxd2 b6 16. Nb3 f5 17. Rc3 Ne7 18. Rfc1 Rxc3 19. Qxc3 Rf6 20. Ne5 Bxe5 21.
dxe5 Rf8 22. Qc7 a5 23. Nd4 Qxc7 24. Rxc7 Kf7 25. f4 b5 26. Nxb5 Rb8 27. a4 Ke8
28. b3 h6 29. Ra7 g5 30. g3 Rc8 31. Nd6+ Kd8 32. Nxc8 Nxc8 33. Rxa5 1-0

[Event "16th Sants Open 2014"]
[Site "Barcelona ESP"]
[Date "2014.08.22"]
[Round "1.41"]
[White "Nilsson, Lars Kjoller"]
[Black "Valdes Romero, Leonardo"]
[Result "0-1"]
[BlackTitle "IM"]
[WhiteElo "1963"]
[BlackElo "2406"]
[WhiteFideId "1402544"]
[BlackFideId "6500331"]
[EventDate "2014.08.22"]

1. e4 d6 2. d4 Nf6 3. Nc3 g6 4. Bd3 Bg7 5. f3 c6 6. Nge2 b5 7. a3 Nbd7 8. Be3 a6
9. a4 Bb7 10. O-O O-O 11. Qd2 e5 12. axb5 axb5 13. d5 b4 14. Na4 cxd5 15. Qxb4
Qb8 16. Ng3 dxe4 17. Nxe4 Nd5 18. Qd2 Nxe3 19. Qxe3 Bc6 20. b3 d5 21. Nd2 e4 22.
fxe4 Bxa1 23. Rxa1 dxe4 0-1

[Event "16th Sants Open 2014"]
[Site "Barcelona ESP"]
[Date "2014.08.22"]
[Round "1.42"]
[White "Aloma Vidal, Robert"]
[Black "Parals Marce, Luis"]
[Result "1-0"]
[WhiteTitle "IM"]
[WhiteElo "2403"]
[BlackElo "1962"]
[WhiteFideId "2260409"]
[BlackFideId "2227770"]
[EventDate "2014.08.22"]

1. d4 Nf6 2. c4 e6 3. g3 c5 4. Nf3 cxd4 5. Nxd4 d6 6. Bg2 Be7 7. O-O O-O 8. Nc3
a6 9. b3 Qc7 10. Bb2 Nbd7 11. Rc1 Rb8 12. Qd2 h6 13. h3 Rd8 14. f4 Nf8 15. e4 b6
16. Nd5 exd5 17. cxd5 Qd7 18. Nc6 Bb7 19. Nxb8 Rxb8 20. Rc2 Rc8 21. Rxc8 Qxc8
22. Rc1 Qd7 23. Bd4 Qd8 24. Qc3 Ne8 25. a4 Bf6 26. e5 dxe5 27. fxe5 Bg5 28. Rd1
h5 29. h4 Bh6 30. Qb4 Nd7 31. e6 fxe6 32. dxe6 Bxg2 33. exd7 1-0

[Event "16th Sants Open 2014"]
[Site "Barcelona ESP"]
[Date "2014.08.22"]
[Round "1.43"]
[White "Flores de Paco, David"]
[Black "Jorczik, Julian"]
[Result "0-1"]
[BlackTitle "IM"]
[WhiteElo "1961"]
[BlackElo "2399"]
[WhiteFideId "2218844"]
[BlackFideId "24611719"]
[EventDate "2014.08.22"]

1. b3 d5 2. Bb2 Bg4 3. f3 Bf5 4. e4 dxe4 5. Qe2 exf3 6. Qb5+ Bd7 7. Qxb7 Bc6 8.
Bb5 Bxb5 9. Qxb5+ c6 10. Qf1 fxg2 11. Qxg2 Nf6 12. Nc3 g6 13. Nge2 Bg7 14. h4 h5
15. O-O-O O-O 16. Ng3 Qb6 17. Rhe1 e6 18. Nce4 Ng4 19. d4 Nd7 20. Ng5 Ndf6 21.
c4 Qc7 22. Kb1 a5 23. Bc3 a4 24. b4 a3 25. N3e4 Nxe4 26. Rxe4 Rab8 27. Qd2 c5
28. Rxe6 cxb4 29. Ba1 b3 30. Bc3 bxa2+ 31. Ka1 fxe6 32. Nxe6 Qb6 33. Kxa2 0-1

[Event "16th Sants Open 2014"]
[Site "Barcelona ESP"]
[Date "2014.08.22"]
[Round "1.44"]
[White "Perpinya Rofes, Lluis Maria"]
[Black "Vicient Calvo, Ramon"]
[Result "1-0"]
[WhiteTitle "IM"]
[WhiteElo "2391"]
[BlackElo "1958"]
[WhiteFideId "2208598"]
[BlackFideId "22231609"]
[EventDate "2014.08.22"]

1. e4 e6 2. d4 b6 3. Nf3 Bb7 4. Bd3 c5 5. c3 cxd4 6. cxd4 Bb4+ 7. Nbd2 Nf6 8.
O-O Bxd2 9. Nxd2 Nc6 10. e5 Nd5 11. Ne4 O-O 12. Qh5 g6 13. Qh6 f6 14. exf6 Nxf6
15. Bg5 Nxd4 16. Nxf6+ Rxf6 17. Qh4 1-0

[Event "16th Sants Open 2014"]
[Site "Barcelona ESP"]
[Date "2014.08.22"]
[Round "1.45"]
[White "Del Mastro, Marco"]
[Black "Sanchez, Sebastian Felipe"]
[Result "0-1"]
[BlackTitle "IM"]
[WhiteElo "1957"]
[BlackElo "2391"]
[WhiteFideId "896209"]
[BlackFideId "4403304"]
[EventDate "2014.08.22"]

1. e4 c5 2. c3 d5 3. exd5 Qxd5 4. d4 e6 5. Nf3 Nf6 6. Na3 Qd8 7. Nc2 Nc6 8. g3
Be7 9. Bg2 O-O 10. O-O a5 11. Qe2 Qb6 12. Rd1 Rd8 13. Rb1 Bd7 14. Be3 Be8 15.
dxc5 Bxc5 16. Bxc5 Qxc5 17. Ncd4 h6 18. Nxc6 Bxc6 19. Ne5 Bxg2 20. Kxg2 Rd5 21.
f4 Rad8 22. c4 R5d6 23. Rxd6 Qxd6 24. Re1 Qb4 25. Qf2 Rd2 26. Re2 Ne4 27. Qe3
Qxb2 28. Kf3 Rxe2 29. Qxe2 Qxe2+ 30. Kxe2 Nc3+ 31. Kd2 Nxa2 32. Nd7 Nb4 33. Nc5
b6 34. Na4 Kf8 35. Kc3 Ke7 36. Nxb6 Kd6 37. Kd4 Nc2+ 38. Kc3 Kc6 39. Na4 Ne3 40.
h3 h5 41. Kd3 Nf1 42. g4 h4 43. Ke4 Nd2+ 44. Kd3 Nf3 0-1

[Event "16th Sants Open 2014"]
[Site "Barcelona ESP"]
[Date "2014.08.22"]
[Round "1.46"]
[White "Martinez Romero, Martin"]
[Black "Julian Barrachina, Lluis"]
[Result "1-0"]
[WhiteTitle "IM"]
[WhiteElo "2387"]
[BlackElo "1955"]
[WhiteFideId "4404025"]
[BlackFideId "22224912"]
[EventDate "2014.08.22"]

1. e4 e5 2. Nf3 Nc6 3. Bb5 a6 4. Ba4 d6 5. O-O Nf6 6. Re1 Be7 7. c3 Bd7 8. d4
exd4 9. cxd4 O-O 10. Nc3 Bg4 11. Bb3 Qd7 12. Be3 Rae8 13. Qe2 Bd8 14. Bc2 d5 15.
e5 Ne4 16. Nxe4 dxe4 17. Bxe4 Bxf3 18. Qxf3 Nxd4 19. Qg3 f5 20. Bxb7 f4 21. Bxf4
Qb5 22. Bf3 Nxf3+ 23. gxf3 Re6 24. Qh3 Rg6+ 25. Bg3 Qxb2 26. Qd7 Qc3 27. Qd5+
Kh8 28. Rac1 Qb2 29. Qd7 h5 30. e6 Qf6 31. e7 Bxe7 32. Rxe7 Qxf3 33. Qd4 Rg4 34.
Qe3 h4 35. Qxf3 Rxf3 36. Kg2 Ra3 37. Kh3 Rga4 38. Rcxc7 hxg3 39. fxg3 g5 40.
Re8# 1-0

[Event "16th Sants Open 2014"]
[Site "Barcelona ESP"]
[Date "2014.08.22"]
[Round "1.47"]
[White "Moreno Perez, Norberto"]
[Black "Gonzalez Rodriguez, Jorge A."]
[Result "0-1"]
[BlackTitle "IM"]
[WhiteElo "1953"]
[BlackElo "2382"]
[WhiteFideId "22227008"]
[BlackFideId "4400240"]
[EventDate "2014.08.22"]

1. e4 e6 2. Nf3 d5 3. exd5 exd5 4. d4 Bd6 5. Bd3 Bg4 6. Be3 Ne7 7. Nbd2 Nbc6 8.
a3 Qd7 9. Qe2 f6 10. h3 Bh5 11. g4 Bg6 12. Nb3 O-O-O 13. O-O-O Kb8 14. Nfd2 Bxd3
15. Qxd3 Ng6 16. Kb1 b6 17. Qb5 Nce7 18. Qa6 c6 19. Nf3 Nf4 20. Ne1 g5 21. Nd3
Neg6 22. Nb4 Bxb4 23. axb4 h5 24. f3 Rh7 25. h4 hxg4 26. hxg5 g3 27. Rxh7 Qxh7
28. gxf6 g2 29. b5 Qd7 30. bxc6 Qxc6 31. Na5 Qd7 32. Nb3 Rf8 33. Bg1 Rxf6 34.
Bh2 Ka8 35. Nc5 Qc6 36. Nd3 Nh3 37. Ne5 Nxe5 38. dxe5 Rxf3 39. Rxd5 Rf1+ 40. Ka2
Qxd5+ 0-1

[Event "16th Sants Open 2014"]
[Site "Barcelona ESP"]
[Date "2014.08.22"]
[Round "1.48"]
[White "Zude, Erik"]
[Black "Demianowicz, Maciej"]
[Result "1-0"]
[WhiteTitle "IM"]
[WhiteElo "2381"]
[BlackElo "1953"]
[WhiteFideId "4604644"]
[BlackFideId "1122282"]
[EventDate "2014.08.22"]

1. d4 Nf6 2. c4 d6 3. Nf3 Bg4 4. Nc3 Nbd7 5. e4 g6 6. Be2 c5 7. Be3 cxd4 8. Nxd4
Bxe2 9. Qxe2 Bg7 10. O-O O-O 11. Rfd1 a6 12. f3 Rc8 13. Rac1 Qa5 14. a3 Rfd8 15.
Nb3 Qh5 16. Nd4 e6 17. Nb3 Bf8 18. Nd2 Qa5 19. h3 Re8 20. Qf2 Qc7 21. Ne2 Ne5
22. Rc3 Nfd7 23. Kh1 Qb8 24. f4 Nc6 25. Rdc1 Bg7 26. R3c2 Nc5 27. Bxc5 dxc5 28.
e5 Ne7 29. Ne4 Red8 30. Nxc5 Nf5 31. Ne4 Qc7 32. c5 Qc6 33. Nd6 Nxd6 34. cxd6
Qxc2 35. Rxc2 Rxc2 36. Qb6 Rd7 37. Nc3 g5 38. g3 f6 39. f5 1-0

[Event "16th Sants Open 2014"]
[Site "Barcelona ESP"]
[Date "2014.08.22"]
[Round "1.49"]
[White "Sandstrom, Anders"]
[Black "Martinez Alcantara, Jose Eduardo"]
[Result "0-1"]
[BlackTitle "FM"]
[WhiteElo "1951"]
[BlackElo "2379"]
[WhiteFideId "1706977"]
[BlackFideId "3805662"]
[EventDate "2014.08.22"]

1. c4 b6 2. Nc3 Bb7 3. e4 e6 4. d4 Bb4 5. Bd3 f5 6. d5 fxe4 7. Bxe4 Nf6 8. Bg5
O-O 9. Ne2 Qe8 10. Bxf6 gxf6 11. O-O f5 12. Bf3 e5 13. Re1 e4 14. Ng3 Bxc3 15.
bxc3 Qg6 16. Nxe4 fxe4 17. Rxe4 Qf6 18. Qd2 Na6 19. Bh5 Nc5 20. Rg4+ Kh8 21. Re1
Nd3 22. Re3 Nxf2 23. Rf3 Nxg4 24. Rxf6 Nxf6 0-1

[Event "16th Sants Open 2014"]
[Site "Barcelona ESP"]
[Date "2014.08.22"]
[Round "1.50"]
[White "Skomorokhin, Roman"]
[Black "Costa Trave, Jaume"]
[Result "0-1"]
[WhiteTitle "IM"]
[WhiteElo "2378"]
[BlackElo "1947"]
[WhiteFideId "4112610"]
[BlackFideId "2221632"]
[EventDate "2014.08.22"]

1. d4 d5 2. c4 c6 3. Nf3 dxc4 4. e3 b5 5. a4 Bb7 6. b3 a5 7. bxc4 b4 8. Nbd2 e6
9. c5 Nf6 10. Qc2 Nbd7 11. h3 Be7 12. e4 Rc8 13. e5 Nd5 14. Ne4 Nf8 15. Nfd2 Ng6
16. Nc4 O-O 17. Ned6 Rb8 18. g3 f6 19. h4 f5 20. h5 Nh8 21. g4 Ba6 22. gxf5 Bxc4
23. Bxc4 Bxd6 24. cxd6 Rxf5 25. Bd3 b3 26. Qb1 Qb6 27. Bxf5 exf5 28. Bb2 Qb4+
29. Kf1 Qc4+ 30. Kg1 Nf4 31. Qf1 Qc2 32. Rb1 Nf7 33. Rh4 Ne2+ 34. Kg2 Ng5 35.
Re1 f4 36. Kh1 f3 37. Rb1 Ne4 38. d7 N4g3+ 39. fxg3 Nxg3+ 40. Kg1 Nxf1 0-1

[Event "16th Sants Open 2014"]
[Site "Barcelona ESP"]
[Date "2014.08.22"]
[Round "1.53"]
[White "De Azua Arpi, Rafael"]
[Black "Sanchez Enriquez, Oscar Gerardo"]
[Result "0-1"]
[BlackTitle "FM"]
[WhiteElo "1942"]
[BlackElo "2374"]
[WhiteFideId "32069480"]
[BlackFideId "5106311"]
[EventDate "2014.08.22"]

1. d4 Nf6 2. c4 e6 3. g3 c5 4. d5 exd5 5. cxd5 g6 6. Bg2 d6 7. Nf3 Bg7 8. O-O
O-O 9. Nc3 Re8 10. Re1 Na6 11. Nd2 Nc7 12. a4 b6 13. e4 Ng4 14. h3 Ne5 15. Nf3
Nxf3+ 16. Qxf3 a6 17. Bf4 Rb8 18. g4 g5 19. Bd2 b5 20. axb5 axb5 21. Ra7 b4 22.
Ne2 Rb7 23. Rxb7 Bxb7 24. Ng3 Bxb2 25. Nf5 f6 26. h4 Rf8 27. Qh3 Bc8 28. Nh6+
Kh8 29. Re3 Be5 30. Rf3 Nb5 31. hxg5 Nd4 32. g6 Nxf3+ 33. Bxf3 Qe8 34. Qh5 Qxg6
35. Qh4 b3 36. Nf5 b2 0-1